| 000 | 00681nam a22001937a 4500 | ||
|---|---|---|---|
| 003 | OSt | ||
| 005 | 20260223081026.0 | ||
| 008 | 260223b |||||||| |||| 00| 0 eng d | ||
| 020 | _a9780205542178 | ||
| 040 |
_aDWCL-Main Lib _cOC |
||
| 082 | _aProf. 370.152 C973 2008 | ||
| 100 | _aCunningham, Patricia Marr / Smith, Debra Renner | ||
| 245 | _aBeyond retelling : towards higher - level thinking and big ideas | ||
| 260 |
_aNew Jersey : _bPearson Education, _cc2008 |
||
| 300 |
_aviii, 136 pages : _b illustrations ; _c23 cm. |
||
| 504 | _a1. Includes bibliographical references nd index. | ||
| 650 | _aThought and thinking - study and teaching. | ||
| 942 |
_2ddc _cPROF. _mProf. _n0 |
||
| 999 |
_c8499 _d8499 |
||